|
|
|
|
| LEADER |
00961nab a2200241 i 4500 |
| 001 |
misc63704 |
| 005 |
20230120120224.0 |
| 008 |
220801s1965 hu o 0|| eng d |
| 040 |
|
|
|a SZTE Miscellanea Repozitórium
|b hun
|
| 041 |
|
|
|a eng
|
| 100 |
1 |
|
|a Menges Karl Heinrich
|
| 245 |
1 |
0 |
|a Uzbek structural grammar, by Andrée F. Sjoberg. Indiana University, Bloomington - Mouton, The Hague, 1963
|h [elektronikus dokumentum] :
|b review /
|c Menges Karl Heinrich
|
| 260 |
|
|
|c 1965
|
| 300 |
|
|
|a 217-221
|c 26 cm
|
| 300 |
|
|
|a [4] p.
|c 26 cm
|
| 490 |
0 |
|
|a Journal of the American Oriental Society
|
| 561 |
|
|
|a Németh Gyula hagyaték
|
| 591 |
|
|
|a NOA 3619
|
| 650 |
|
4 |
|a Bölcsészettudományok
|
| 650 |
|
4 |
|a Nyelvek és irodalom
|
| 695 |
|
|
|a Özbeg nyelv - nyelvtan - könyvismertetés, Strukturalizmus - nyelvészeti - özbeg - könyvismertetés
|
| 700 |
0 |
1 |
|a Sjoberg Andrée Frances
|
| 856 |
4 |
0 |
|u http://misc.bibl.u-szeged.hu/63704/1/3619_noa_m53.pdf
|z Dokumentum-elérés
|